00235nam a2200097Ia 4500008004100000041000800041082001400049100002000063245004500083260000900128240625s9999 xx 000 0 und d aeng a332.1 STO aSTOWELL DAVIS P aINVESTMENT BANKS HEDGE FUNDS AND PRIVATE c2014